书目信息 |
| 题名: |
新编英语教程(修订版)词语注释
|
|
| 作者: | 李军 主编 | |
| 分册: | 4 | |
| 出版信息: | 青岛 青岛大学出版社 2000 |
|
| 页数: | 202页 | |
| 开本: | 20cm | |
| 丛书名: | ||
| 单 册: | ||
| 中图分类: | H31 | |
| 科图分类: | ||
| 主题词: | 英语--高等学校--教材 | |
| 电子资源: | ||
| ISBN: | 7-81067-188-X | |
| 000 | 00663nam0 2200217 45 | |
| 001 | 0186016245 | |
| 005 | 20070618093218.62 | |
| 010 | @a7-81067-188-X@dCNY8.80 | |
| 091 | @aCN@b7218.198 | |
| 100 | @a19900809d2000 em y0chiy0121 ea | |
| 101 | 0 | @achi@aeng |
| 105 | @ay z 000yy | |
| 200 | 10 | @a新编英语教程(修订版)词语注释@Axin bian ying yu jiao cheng(xiu ding ban)ci yu zhu shi@h4@f李军等主编@Fli jun deng zhu bian |
| 210 | @a青岛@c青岛大学出版社@d2000 | |
| 215 | @a202页@d20cm | |
| 606 | @a英语@x高等学校@x教材 | |
| 690 | @aH31@v3 | |
| 701 | 0 | @a李军@Ali jun@4主编 |
| 801 | 0 | @aCN@bTSSF@c20070618 |
| 801 | 2 | @aCN@bNLC@c20070615 |
| 905 | @a10447@dH31@e1080:4 | |
| 新编英语教程(修订版)词语注释.4/李军等主编.-青岛:青岛大学出版社,2000 |
| 202页;20cm |
| ISBN 7-81067-188-X:CNY8.80 |
| ● |
| 相关链接 |
|
|
|
|
正题名:新编英语教程(修订版)词语注释
索取号:H31/1080:4
 
预约/预借
| 序号 | 登录号 | 条形码 | 馆藏地/架位号 | 状态 | 备注 |
| 1 | 0650885 | 206508858 | 第二样本阅览室/ [索取号:H31/1080:4] | 在馆 | |
| 2 | 0650886 | 206508867 | 密集书库/ [索取号:H31/1080:4] | 在馆 |